Statistics for States That Voted For Barry Goldwater

Click here to take the quiz!

General Stats

  • This quiz has been taken 19 times
  • The average score is 5 of 6

Answer Stats

State% Correct
Alabama
94%
Arizona
94%
Georgia
94%
Mississippi
94%
South Carolina
83%
Louisiana
78%

Score Distribution

Percentile by Number Answered

Percent of People with Each Score

Your Score History

You have not taken this quiz